Statistics for Famous Animals

Click here to take the quiz!

General Stats

  • This quiz has been taken 15 times
  • The average score is 6 of 12

Answer Stats

Answer% Correct
Doge
80%
Egg dog
80%
Grumpy Cat
80%
Walter
60%
Ballin Cat
40%
Big Floppa
40%
Cheems
40%
El Gato
40%
Gabe
40%
Michael
40%
Ring Doorbell dog
40%
Taco Bell dog
40%

Score Distribution

Percentile by Number Answered

Percent of People with Each Score

Your Score History

You have not taken this quiz